Documentos inéditos para la Historia de España. (Record no. 186031)
[ view plain ]
| 000 -LEADER | |
|---|---|
| campo de control de longitud fija | 00698nam a2200169 i 4500 |
| 001 - NÚMERO DE CONTROL | |
| campo de control | 186031 |
| 003 - IDENTIFICADOR DE NÚMERO DE CONTROL | |
| campo de control | ES-MaACL |
| 005 - FECHA Y HORA DE LA ÚLTIMA TRANSACCIÓN | |
| campo de control | 20250918194238.0 |
| 008 - DATOS DE LONGITUD FIJA--INFORMACIÓN GENERAL | |
| campo de control de longitud fija | 160905m19361945sp |||| | spa d |
| 245 00 - MENCIÓN DEL TÍTULO | |
| Título | Documentos inéditos para la Historia de España. |
| Número de parte o sección de la obra | 1-4, |
| Nombre de parte o sección de la obra | Correspondencia oficial de don Diego Sarmiento de Acuña, conde de Gondomar / |
| Mención de responsabilidad, etc. | publicados por los señores Duque de Alba ... [et al.]. |
| 260 ## - PUBLICACIÓN, DISTRIBUCIÓN, ETC. | |
| Lugar de publicación, distribución, etc. | Madrid : |
| Nombre del editor, distribuidor, etc. | [s.n.], |
| Fecha de publicación, distribución, etc. | 1936-1945 ( |
| Fabricante | Tip. de Archivos) |
| 300 ## - DESCRIPCIÓN FÍSICA | |
| Extensión | 4 v. ; |
| Dimensiones | 25 cm. |
| 651 #4 - PUNTO DE ACCESO ADICIONAL DE MATERIA--NOMBRE GEOGRÁFICO | |
| Nombre geográfico | España- |
| Subdivisión general | Historia- |
| Subdivisión de forma | Fuentes. |
| 9 (RLIN) | 8345 |
| 700 1# - ENTRADA AGREGADA--NOMBRE PERSONAL | |
| Nombre de persona | Alba, Jacobo Fitz-James Stuart y Falcó, |
| Títulos y otros términos asociados al nombre | Duque de, |
| Fechas asociadas al nombre | 1878-1953 |
| 9 (RLIN) | 173467 |
| 852 ## - LOCALIZACIÓN | |
| Ubicación | ES-MaACL |
| Número de control de estantería | E-4682-85 |
| Estatus retirado | Estado de pérdida | Estado de daño | No para préstamo | Biblioteca de origen | Biblioteca actual | Ubicación en estantería | Fecha de adquisición | Fuente de adquisición | Total de préstamos | Signatura topográfica completa | Código de barras | Visto por última vez | Precio de reemplazo | Tipo de ítem Koha |
|---|---|---|---|---|---|---|---|---|---|---|---|---|---|---|
| Biblioteca del Ateneo de Madrid | Biblioteca del Ateneo de Madrid | Depósito 2 | 05/09/2016 | E-4682-85 | 1196126 | 23/02/2023 | 23/02/2023 | Libro impreso |
